New York Knicks Head Coaches by Picture - Statistics

General Stats
  • This quiz has been taken 37 times
    11 since last reset
  • The average score is 14 of 31
Answer Stats
Picture Hint Answer % Correct
1982-1986 Hubie Brown
100%
2005-2006 Larry Brown
100%
2025-Present Mike Brown
100%
2020-2025 Tom Thibodeau
100%
2008-2012 Mike D'Antoni
90%
1991-1995 Pat Riley
90%
2006-2008 Isiah Thomas
80%
2018-2019 David Fizdale
70%
1996-2001 Jeff Van Gundy
70%
2012-2014 Mike Woodson
70%
1987-1989 Rick Pitino
60%
2014-2016 Derek Fisher
50%
2004-2005 Lenny Wilkens
50%
1989-1990 Stu Jackson
50%
1995-1996 Don Nelson
40%
2016 Kurt Rambis
30%
2019-2020 Mike Miller
30%
1986-1987 Bob Hill
20%
2004 | 2005 Herb Williams
20%
2016-2018 Jeff Hornacek
20%
1967-1977 | 1978-1982 Red Holzman
20%
1977-1978 Willis Reed
20%
1958-1959 Andrew Levane
10%
1959-1961 Carl Braun
10%
1965-1967 Dick McGuire
10%
2001-2004 Don Chaney
10%
1961-1965 Eddie Donovan
10%
1965 Harry Gallatin
10%
1947-1956 Joe Lapchick
10%
1990-1991 John MacLeod
10%
1956-1958 Vince Boryla
10%
No matching quizzes found
Score Distribution
Percent of People with Each Score
Percentile by Number Answered
Your Score History
You have not taken this quiz since the last reset